01870nam a2200385 a 450000100100000000500170001000800410002702000180006804000250008608200200011111000330013124000180016424501980018226000260038030000210040649000200042749000190044750400310046659000260049765000520052365000460057565000400062165100470066165100460070870000730075470000440082783000260087183000250089791000370092295201330095995201330109295201180122595201240134399900170146700001355920241015091655.0091125s2009 dr 001 0 spa d a9789993495390 aDO-SdBNPbspacBNPHU a346.0433bR426L1 aRepública Dominicana.944712a[Leyes, etc.]10aLey 5038 de 1958 sobre condominios :bcomentada, anotada y concordada con la Ley 108-05 de registro inmobiliario, con su formulario /cFabio J. Guzmán Ariza ; prólogo Pedro Romero Confesor. aSanto Domingo,c2009. a159 p. ;c23 cm.1 aGaceta Judicial1 aLeyes anotadas aBibliografía: p. 153-155 aInventariado, 2018/LP 4aEdificios de apartamentosxLegislación930892 4aAreas residencialesxLegislación930893 4aBienes raicesxLegislación914523 4aRepública DominicanaxLey 5038-58930894 4aRepública DominicanaxLey 108-0593089512aGuzmán A., Fabio J.q(Fabio José Guzmán Ariza), d1949-93089612aRomero Confesor, Pedro,epról.911841 0aGaceta Judicial91292 0aLeyes anotadas98399 aValidado. Control de calidad EMS 001054708DSaGRbGRcHDd2010-02-23iLF1l0o346.0433 R426Lp13559-30r2020-06-25te. 3w2020-06-25yLFDSZPréstamo en sala 001054708DSaGRbGRcHDd2010-02-23iLF1l0o346.0433 R426Lp13559-40r2020-06-25te. 4w2020-06-25yLFDSZPréstamo en sala 0010718PDaPDbPDcHDd2009-11-25iLF1l0o346.0433 R426Lp13559-10r2020-06-25w2020-06-25yLFPDZNo se presta 0010718PDaPDbPDcHDd2010-02-23iLF1l0o346.0433 R426Lp13559-20r2020-06-25te. 2w2020-06-25yLFPDZNo se presta c13181d13181